000 00782nam a22002057a 4500
005 20241220110105.0
010 _aENG-142700
020 _c995.00
_a9789361594366
035 _aEN-126232
037 _bDBAD
082 _a500
_24
100 _aJain, Prashant
_975477
245 _aIOQM Mathematics:
_bIndian Olympiad Qualifiers in Mathematics/
_cBy Prashant Jain
250 _a4
260 _aUttar Pradesh
_bPearson India Education Pvt Ltd
_c2025
270 _bUttar Pradesh
_a1st FLoor, Berger Tower, Plot No. C-001A/2, Sector-16B, Noida
_e201301
300 _avpp.
_c25cm(pb)
_bIndex
500 _aJEE Main/JEE Advanced, American Invitational Mathematics Examination (AIME) | IOQM (Pre-RMO/PRMO), RMO, INMO, IMO |2024 -2025
942 _2ddc
_cEN
_h500
_mJAI
_e4
999 _c207108
_d207108